000 00643nam a2200193 a 4500
001 000682010
003 AM-YeHGA
005 20250617142210.0
008 090909s1986 ||| r 000 0 rus d
040 _aAM-YeHGA
041 0 _arus
100 1 _aЛажечников, Иван Иванович
_d1790-1869
245 1 0 _aБасурман :
_bРоман /
_cИ. И. Лажечников.
260 _aМосква :
_bСовременник,
_c1986.
300 _a447 :
_bил.
653 0 _aРусское государство, 15 в. (х. л.)
653 0 _aМосковское княжество, 15 в. (х. л.)
090 _c254643
999 _c253044
_d253044